000
00292nam a22001097a 4500
020
_a
1851682597
082
_a
299
_b
WIS
245
_a
The Wisdom of Confucians /
_c
Compiled by Zhou Xun and T.H. Barrett
260
_a
Oxford :
_b
Oneworld,
_c
2001.
300
_a
191 p. ;
_c
15 cm..
942
_2
ddc
_c
BK
999
_c
591503
_d
591503